[Event "AUTO-ELITE-2314"]
[Site "http://www.queenalice.com/game.php?id=1644907"]
[Date "2021.2.26"]
[Round "1"]
[White "Cuxtal"]
[Black "pony"]
[Result "1-0"]
[WhiteElo "2768"]
[BlackElo "2397"]

1. d4 Nf6 2. c4 e6 3. Nf3 d5 4. Nc3 c6 5. Bg5 Nbd7 6. e3 Qa5 7. Nd2 Bb4 8. Rc1
Bxc3 9. Rxc3 O-O 10. Ra3 Qc7 11. cxd5 exd5 12. Bd3 Re8 13. O-O Ne4 14. Bf4 Qd8
15. f3 Nxd2 16. Qxd2 Nf8 17. Bg3 Ng6 18. Rb3 Qf6 19. Bb1 Qg5 20. f4 Qd8 21. f5
Nf8 22. f6 Ng6 23. fxg7 Qe7 24. Qf2 Kxg7 25. Bd6 Qd7 26. Bxg6 1-0

[Event "Challenge"]
[Site "http://www.queenalice.com/game.php?id=1647459"]
[Date "2021.3.22"]
[Round "-"]
[White "masam2014"]
[Black "Cuxtal"]
[Result "0-1"]
[WhiteElo "1339"]
[BlackElo "2769"]

1. d4 Nf6 2. c4 e6 3. a3 d5 4. Nf3 dxc4 5. e3 b5 6. b3 c5 7. bxc4 bxc4 8. Bxc4
Nc6 9. O-O cxd4 10. Nxd4 Nxd4 11. Qxd4 Qxd4 12. exd4 Be7 13. Bb5+ Bd7 14. a4 Bb4
15. Bf4 Nd5 16. Bxd7+ Kxd7 17. Na3 Nxf4 18. Nc4 Ne2+ 19. Kh1 Ke7 20. Rab1 a5 21.
Nb6 Rab8 22. Nc4 Rhd8 23. Ne3 Nc3 24. Rbc1 Nxa4 25. Rfd1 Nc3 26. Rd3 Ne4 27. Kg1
Rbc8 28. Rcd1 Nc3 29. Re1 Nb5 30. Red1 a4 31. Ng4 a3 32. Ne5 Rxd4 33. Rxd4 Nxd4
34. Ng4 a2 0-1

[Event "AUTO-ELITE-2285"]
[Site "http://www.queenalice.com/game.php?id=1648546"]
[Date "2021.4.3"]
[Round "2"]
[White "RaulSoft"]
[Black "Cuxtal"]
[Result "1/2-1/2"]
[WhiteElo "2648"]
[BlackElo "2769"]

1. d4 Nf6 2. c4 e5 3. dxe5 Ng4 4. Bf4 Bb4+ 5. Nc3 Nc6 6. Nf3 Bxc3+ 7. bxc3 Qe7
8. Qd5 f6 9. exf6 Nxf6 10. Qd3 d6 11. g3 O-O 12. Bg2 h6 13. O-O Ne5 14. Bxe5
dxe5 15. Nd2 Kh8 16. Ne4 Bf5 17. Qe3 Bxe4 18. Bxe4 Ng4 19. Qd2 Rad8 20. Qc2 b6
21. Bf5 Qg5 22. Bxg4 Qxg4 23. c5 bxc5 24. Rad1 e4 25. Rxd8 Rxd8 26. Rd1 Rd6 27.
Kg2 Qe6 28. Rb1 Rb6 29. Rd1 Rd6 30. Rb1 Rd8 31. h4 e3 32. f3 Qg8 33. Rb2 a5 34.
g4 a4 35. a3 Rd2 36. Qb1 Rxb2 37. Qxb2 Qb3 38. Qc1 Kg8 39. c4 Qa2 40. Qxe3 Qxc4
1/2-1/2

[Event "AUTO-ELITE-2285"]
[Site "http://www.queenalice.com/game.php?id=1648547"]
[Date "2021.4.3"]
[Round "2"]
[White "Cuxtal"]
[Black "RaulSoft"]
[Result "1/2-1/2"]
[WhiteElo "2770"]
[BlackElo "2650"]

1. e4 e5 2. Nf3 Nc6 3. d4 exd4 4. Nxd4 Nf6 5. Nxc6 bxc6 6. Bd3 d5 7. Nc3 Bb4 8.
exd5 O-O 9. O-O cxd5 10. h3 Re8 11. Bg5 c6 12. Qf3 h6 13. Bh4 Bd6 14. Rfe1 Be6
15. Rad1 a5 16. Ne2 Bd7 17. Nc3 Rxe1+ 18. Rxe1 Rb8 19. Nd1 Rb4 20. Bxf6 Qxf6 21.
Qxf6 gxf6 22. b3 h5 23. Ne3 h4 24. Bf5 Be6 25. Ng4 Bxf5 26. Nh6+ Kf8 27. Nxf5
Bc5 28. Ne3 Rf4 29. Kf1 a4 30. Ke2 Ke7 31. g3 hxg3 32. fxg3 Re4 33. Kf3 Ke6 34.
Re2 f5 35. c4 axb3 36. axb3 Bd6 37. cxd5+ cxd5 38. Nc2 Be5 39. Re3 1/2-1/2

[Event "AUTO-ELITE-2285"]
[Site "http://www.queenalice.com/game.php?id=1648548"]
[Date "2021.4.3"]
[Round "2"]
[White "fred57"]
[Black "Cuxtal"]
[Result "1/2-1/2"]
[WhiteElo "2892"]
[BlackElo "2773"]

1. e4 c5 2. Nf3 e6 3. d4 cxd4 4. Nxd4 Nc6 5. Nc3 Nf6 6. Ndb5 d6 7. Bf4 e5 8. Bg5
a6 9. Na3 b5 10. Nd5 Be7 11. Bxf6 Bxf6 12. c4 b4 13. Nc2 O-O 14. Qf3 Be7 15. Be2
Be6 16. Rd1 a5 17. O-O Bg5 18. Qg3 f5 19. exf5 Bxf5 20. Bd3 e4 21. Be2 Bh4 22.
Qe3 Bg5 23. Qb6 Qxb6 24. Nxb6 Rab8 25. Na4 Ne5 26. b3 Nd3 27. Bxd3 exd3 28. Nd4
Bg6 1/2-1/2

[Event "AUTO-ELITE-2285"]
[Site "http://www.queenalice.com/game.php?id=1648549"]
[Date "2021.4.3"]
[Round "2"]
[White "Cuxtal"]
[Black "fred57"]
[Result "1/2-1/2"]
[WhiteElo "2775"]
[BlackElo "2884"]

1. e4 c5 2. c3 d5 3. exd5 Qxd5 4. Nf3 Nf6 5. d4 e6 6. Na3 a6 7. Nc4 Nbd7 8. Be2
b5 9. Na5 Bd6 10. c4 bxc4 11. Nxc4 Bc7 12. O-O cxd4 13. Qxd4 O-O 14. Rd1 Qxd4
15. Nxd4 Bb7 16. b3 Rfc8 17. Bb2 Bd5 18. Rdc1 h5 19. g3 Bd8 20. Ne3 Bb7 21. Rxc8
Rxc8 22. Nc4 Bd5 23. Rc1 g6 24. Nc2 Be4 25. N2e3 Nd5 26. f3 Bf6 27. Nxd5 Bxd5
28. Ne3 Rxc1+ 29. Bxc1 1/2-1/2

[Event "WorldCup Chess"]
[Site "http://www.queenalice.com/game.php?id=1758230"]
[Date "2021.5.1"]
[Round "3"]
[White "Sexxy_Bunny"]
[Black "Cuxtal"]
[Result "1/2-1/2"]
[WhiteElo "2692"]
[BlackElo "2777"]

1. e4 c5 2. Nf3 d6 3. d4 cxd4 4. Nxd4 Nf6 5. Nc3 a6 6. Be3 e5 7. Nb3 Be7 8. f3
Be6 9. Qd2 h5 10. O-O-O Nbd7 11. Kb1 Rc8 12. h3 b5 13. Bd3 h4 14. f4 Qc7 15.
Rhe1 O-O 16. f5 Bc4 17. g4 hxg3 18. Rg1 b4 19. Nd5 Nxd5 20. exd5 Bh4 21. Bg5
Bxg5 22. Qxg5 Bxd3 23. cxd3 f6 24. Qxg3 Nb6 25. h4 a5 26. h5 a4 27. h6 axb3 28.
hxg7 Rf7 29. Qh4 Rxg7 30. Qxf6 Qc2+ 31. Ka1 Rg2 32. Rxg2+ Qxg2 33. Qxd6 Ra8 34.
Qe6+ Kh7 35. Qe7+ Kg8 36. Qe6+ Kg7 37. Qe7+ Kg8 1/2-1/2

[Event "AUTO-ELITE-2314"]
[Site "http://www.queenalice.com/game.php?id=1763991"]
[Date "2021.7.8"]
[Round "2"]
[White "RaulSoft"]
[Black "Cuxtal"]
[Result "1/2-1/2"]
[WhiteElo "2649"]
[BlackElo "2778"]

1. d4 Nf6 2. c4 e6 3. g3 d5 4. Bg2 Bb4+ 5. Bd2 Be7 6. Qc2 O-O 7. Nf3 Nbd7 8. O-O
c6 9. Bf4 b6 10. Rd1 Bb7 11. Ne5 Nh5 12. Bd2 Nhf6 13. cxd5 cxd5 14. Nc6 Bxc6 15.
Qxc6 Rc8 16. Qa4 Rc4 17. Qxa7 Rxd4 18. Nc3 Rc4 19. Rac1 Rc8 20. Qa4 h5 21. Bf4
Ng4 22. h3 Nge5 23. Nb5 Rxc1 24. Rxc1 h4 25. g4 Bc5 26. Bh2 Qf6 27. Rf1 Nc6 28.
Qc2 Nde5 29. Kh1 Ra8 1/2-1/2

[Event "AUTO-ELITE-2314"]
[Site "http://www.queenalice.com/game.php?id=1763992"]
[Date "2021.7.8"]
[Round "2"]
[White "Cuxtal"]
[Black "RaulSoft"]
[Result "1/2-1/2"]
[WhiteElo "2775"]
[BlackElo "2652"]

1. c4 e5 2. g3 Nf6 3. Bg2 c6 4. d4 e4 5. d5 cxd5 6. cxd5 Bb4+ 7. Bd2 Qe7 8. Bxb4
Qxb4+ 9. Nc3 Qxb2 10. Qc1 Qxc1+ 11. Rxc1 Na6 12. Bxe4 Nc5 13. Bc2 O-O 14. f3 d6
15. g4 a6 16. g5 Nfd7 17. Nh3 b5 18. Nf4 Re8 19. Ne4 Nxe4 20. Bxe4 Nc5 21. Bb1
Bd7 22. e4 Rac8 23. Kd2 Kf8 24. Nd3 Na4 25. Rxc8 Rxc8 26. Rc1 Rxc1 27. Nxc1 Ke7
28. Ke3 f6 29. gxf6+ gxf6 30. Nb3 1/2-1/2

[Event "AUTO-ELITE-2295"]
[Site "http://www.queenalice.com/game.php?id=1772728"]
[Date "2021.10.20"]
[Round "2"]
[White "Cuxtal"]
[Black "Sexxy_Bunny"]
[Result "1/2-1/2"]
[WhiteElo "2769"]
[BlackElo "2780"]

1. d4 Nf6 2. c4 e6 3. Nc3 Bb4 4. e3 O-O 5. Bd2 b6 6. Nf3 Bb7 7. Bd3 d5 8. cxd5
exd5 9. O-O Nbd7 10. Rc1 a6 11. Ne5 Bd6 12. f4 c5 13. Be1 Rc8 14. Bh4 Be7 15.
Bf5 Rc7 16. a4 g6 17. Bh3 cxd4 18. exd4 Nxe5 19. dxe5 Ne4 20. Bxe7 Qxe7 21. Nxe4
Rxc1 22. Nf6+ Qxf6 23. exf6 Rxd1 24. Rxd1 Bc8 25. Bxc8 Rxc8 26. Rxd5 h6 27. Rd6
Rc4 28. Rxb6 Rxa4 29. Rb8+ Kh7 30. Rf8 Rxf4 31. Rxf7+ Kh8 32. Rf8+ 1/2-1/2

[Event "AUTO-ELITE-2295"]
[Site "http://www.queenalice.com/game.php?id=1772729"]
[Date "2021.10.20"]
[Round "2"]
[White "Sexxy_Bunny"]
[Black "Cuxtal"]
[Result "1/2-1/2"]
[WhiteElo "2773"]
[BlackElo "2769"]

1. e4 c5 2. Nf3 d6 3. d4 cxd4 4. Nxd4 Nf6 5. Nc3 a6 6. Be3 e5 7. Nb3 Be6 8. f3
h5 9. Qd2 Nbd7 10. O-O-O Rc8 11. Kb1 Be7 12. h3 h4 13. f4 Rxc3 14. Qxc3 Nxe4 15.
Qe1 Ng3 16. Rg1 Qc7 17. fxe5 dxe5 18. Bf2 Nxf1 19. Rxf1 Bf5 20. Rc1 Be6 21. Bg1
O-O 22. Bh2 Re8 23. Nd4 Bc4 24. Rf3 Bd5 25. Rd3 Bc4 26. Rf3 Bd5 27. Rd3 Bf6 28.
Nf5 Qc6 29. Rcd1 Nb6 30. Ne3 Be6 31. Rd6 Qb5 32. b3 e4 33. Bf4 Qc5 34. c4 Nc8
35. Nd5 Nxd6 36. Bxd6 Qc6 37. Nxf6+ gxf6 38. Qxh4 e3 39. Qg3+ Kh7 40. Qh4+ Kg7
1/2-1/2